Provinces et capitales du Canada - Statistiques

Statistiques générales
  • Ce quiz a été pris 3 901 fois
  • Le résultat moyen est 18 sur 27
Statistiques - réponses
Answers % Correct
Québec
95%
Québec
95%
Ottawa
88%
Ontario
87%
Alberta
85%
Manitoba
80%
Yukon
79%
Colombie-Britannique
78%
Toronto
78%
Nunavut
74%
Saskatchewan
74%
Nouvelle-Écosse
72%
Nouveau-Brunswick
69%
Territoires du Nord-Ouest
69%
Île-du-Prince-Édouard
68%
Terre-Neuve-et-Labrador
66%
Edmonton
61%
Victoria
58%
Regina
55%
Yellowknife
55%
Winnipeg
54%
Halifax
51%
Whitehorse
50%
Charlottetown
41%
Fredericton
38%
Iqaluit
37%
St. John's
28%
Aucun quiz correspondant
Distribution des résultats
% des personnes avec chaque résultat
Percentile par nombre de réponses
Votre historique - résultats
Vous n’avez pas pris ce quiz